| 000 | 00929nam a2200253 i 4500 | ||
|---|---|---|---|
| 001 | 13778 | ||
| 003 | ES-MaACL | ||
| 005 | 20230906150648.0 | ||
| 007 | t| | ||
| 008 | 900319s1988 sp |||| | spa j | ||
| 080 | _a336.74(4-672 CE) | ||
| 080 | _a338.23(460)"1982/...":336.74 | ||
| 245 | 0 | 3 |
_aEl Sistema Monetario Europeo como opción para la política económica española / _c[Antonio Argandoña ... (et al.)]. |
| 260 |
_aMadrid : _bCírculo de Empresarios, _cD.L. 1988. |
||
| 300 |
_a370 p : _bgráf ; _c22 cm. |
||
| 490 | 1 |
_aPublicaciones monográficas, _xISSN 0213-7445 ; _vv. 4 |
|
| 650 | 1 | 4 |
_aSistema monetario europeo. _917131 |
| 651 | 4 |
_aEspaña- _xPolítica monetaria- _y1982-1996. _98437 |
|
| 700 | 1 |
_aArgandoña, Antonio. _922680 |
|
| 710 | 2 |
_aCírculo de Empresarios. _92821 |
|
| 830 | 0 |
_aPublicaciones monográficas, _xISSN 0213-7445 ; _vv. 4 _9179530 |
|
| 852 |
_aES-MaACL _jL-21105 |
||
| 999 |
_c13778 _d13778 |
||